Statistics for Eminem Albums on the Billboard 200

Click here to take the quiz!

General Stats

  • This quiz has been taken 36 times
  • The average score is 10 of 11

Answer Stats

PeakHighest Charting SongAlbum% Correct
#1Lucky You (with Joyner Lucas)Kamikaze
100%
#1Without MeThe Eminem Show
100%
#2My Name IsThe Slim Shady LP
100%
#1Godzilla (with Juice WRLD)Music To Be Murdered By
96%
#1Love the Way You Lie (with Rihanna)Recovery
96%
#1The Real Slim ShadyThe Marshall Mathers LP
96%
#1Just Lose ItEncore
92%
#1Crack a Bottle (with Dr. Dre & 50 Cent)Relapse
88%
#1River (with Ed Sheeran)Revival
88%
#1The Monster (with Rihanna)The Marshall Mathers LP 2
88%
#1Lose YourselfCurtain Call: The Hits
35%

Score Distribution

Percentile by Number Answered

Percent of People with Each Score

Your Score History

You have not taken this quiz